LEADER 00809nam1 22002653i 450 001 996258348103316 005 20180613092051.0 020 $aIT$b1950 5538 100 $a19930625d1950----||||0itac50 ba 101 $aita 102 $aIT 200 1 $aPompeiana$eraccolta di studi per il secondo centenario degli scavi di Pompei 210 $aNapoli$cGaetano Macchiaroli$d1950 215 $a476 p.$cill.$d23 cm 225 $aBiblioteca della parola del passato$v4 410 0$12001$aBiblioteca della Parola del passato$v4 606 0 $aScavi archeologici$xPompei$xCelebrazioni$2BNCF 676 $a937.72568 801 0$aIT$bsalbc$gISBD 851 $aXV.14.B. 154$b263356 L.M.$cXV.14.B.$d414251 912 $a996258348103316 959 $aBK 969 $aFVIG 996 $aPompeiana$9280190 997 $aUNISA LEADER 01921oam 2200505 450 001 9910707633403321 005 20161011134249.0 035 $a(CKB)5470000002466206 035 $a(OCoLC)844712207 035 $a(EXLCZ)995470000002466206 100 $a20130526j199708 ua 0 101 0 $aeng 135 $aurbn||||||||| 181 $ctxt$2rdacontent 182 $cc$2rdamedia 183 $acr$2rdacarrier 200 10$aEffect of temperature gradient on thick film selective emitter emittance /$fDonald L. Chubb [and three others] 210 1$aCleveland, Ohio :$cNational Aeronautics and Space Administration, Lewis Research Center,$dAugust 1997. 215 $a1 online resource (20 pages) $cillustrations 225 1 $aNASA technical memorandum ;$v107523 300 $a"August 1997"--Report documentation page. 300 $aPrepared for the Third Conference on Thermophotovoltaic Generation of Electricity sponsored by the National Renewable Energy Laboratory, Colorado Springs, Colorado, May 18-21, 1997. 300 $a"Performing organization: National Aeronautics and Space Administration, Lewis Research Center"--Report documentation page. 320 $aIncludes bibliographical reference (pages 19-20). 606 $aTemperature gradients$2nasat 606 $aThick films$2nasat 606 $aEmittance$2nasat 606 $aEmitters$2nasat 606 $aMathematical models$2nasat 615 7$aTemperature gradients. 615 7$aThick films. 615 7$aEmittance. 615 7$aEmitters. 615 7$aMathematical models. 700 $aChubb$b Donald L.$01181903 712 02$aLewis Research Center, 801 0$bOCLCE 801 1$bOCLCE 801 2$bOCLCO 801 2$bOCLCQ 801 2$bGPO 906 $aBOOK 912 $a9910707633403321 996 $aEffect of temperature gradient on thick film selective emitter emittance$93528334 997 $aUNINA LEADER 02997nam 22004815 450 001 9910484052103321 005 20220913195112.0 010 $a3-030-52440-X 024 7 $a10.1007/978-3-030-52440-1 035 $a(CKB)4100000011363605 035 $a(DE-He213)978-3-030-52440-1 035 $a(MiAaPQ)EBC6274754 035 $a(PPN)258304855 035 $a(EXLCZ)994100000011363605 100 $a20200730d2021 uy 0 101 0 $aeng 135 $aurnn#---mamaa 181 $ctxt$2rdacontent 182 $cc$2rdamedia 183 $acr$2rdacarrier 200 10$aAdvances in state estimation, diagnosis and control of complex systems /$fYe Wang 205 $a1st edition 2021. 210 1$aCham :$cSpringer International Publishing :$cImprint: Springer,$d2021. 215 $a1 online resource (XXVII, 237 p. 64 illus., 49 illus. in color.) 225 1 $aSpringer Theses, Recognizing Outstanding Ph.D. Research,$x2190-5053 300 $a"Doctoral Thesis accepted by Universitat Polite?cnica de Catalunya, Barcelona, Spain" 311 1 $a3-030-52439-6 327 $aIntroduction -- Set-based State Estimation Approaches for Descriptor Systems -- Distributed Set-membership Approach based on Zonotopes -- Set-based Fault Detection and Isolation for Descriptor Systems -- Set-based Fault Estimation for Descriptor Systems. 330 $aThis book presents theoretical and practical findings on the state estimation, diagnosis and control of complex systems, especially in the mathematical form of descriptor systems. The research is fully motivated by real-world applications (i.e., Barcelona?s water distribution network), which require control systems capable of taking into account their specific features and the limits of operations in the presence of uncertainties stemming from modeling errors and component malfunctions. Accordingly, the book first introduces a complete set-based framework for explicitly describing the effects of uncertainties in the descriptor systems discussed. In turn, this set-based framework is used for state estimation and diagnosis. The book also presents a number of application results on economic model predictive control from actual water distribution networks and smart grids. Moreover, the book introduces a fault-tolerant control strategy based on virtual actuators and sensors for such systems in the descriptor form. . 410 0$aSpringer Theses, Recognizing Outstanding Ph.D. Research,$x2190-5053 606 $aAutomatic control$xMathematics 606 $aObservers (Control theory) 615 0$aAutomatic control$xMathematics. 615 0$aObservers (Control theory) 676 $a629.80151 700 $aWang$b Ye$factive 2021$4aut$4http://id.loc.gov/vocabulary/relators/aut$01254324 801 0$bMiAaPQ 801 1$bMiAaPQ 801 2$bMiAaPQ 906 $aBOOK 912 $a9910484052103321 996 $aAdvances in state estimation, diagnosis and control of complex systems$92908348 997 $aUNINA